000 00325cam a22001217a 4500
008 180718b1996 xxu||||| |||| 00| 0 eng d
082 _aI51 Se71
100 _aSeshan, T.N.
245 _aOn leadership
_cby T.N. Seshan
260 _aGhaziabad
_bInstitute of Management Technology
_c1996
300 _a59p.
650 _aLeadership
999 _c380536
_d380536